| 000 | 00520nam a22001697a 4500 | ||
|---|---|---|---|
| 008 | 120621t2007 xxu||||| |||| 00| 0 eng d | ||
| 020 | _a9780071630207 | ||
| 082 |
_222 _a611.018 _bMES |
||
| 100 |
_930181 _aMescher, Anthony L |
||
| 245 |
_aJunqueira's Basic Histology : _bText & Atlas / _cAnthony L. Mescher |
||
| 250 | _a12th ed. | ||
| 260 |
_aNew Yourk: _bMcGaw-Hill, _c2007. |
||
| 300 |
_a467p: _bIll. (some col.) ; _c30cm.+ _e1 CD-ROM |
||
| 650 |
_aHistology _930182 |
||
| 653 |
_bDent _cJune2012 |
||
| 942 |
_2ddc _cDN _cBB |
||
| 999 |
_c16780 _d16780 |
||